[Event "Team Championship (men blitz)"]
[Site "Sochi"]
[Date "2017.10.05"]
[Round "15.11"]
[White "Tereshechkina, Maya"]
[Black "Savchenko, Boris"]
[Result "0-1"]
[LiveChessVersion "1.4.8"]
[BlackElo "2630"]
[WhiteElo "2089"]

1. Nf3 {[%clk 0:03:02]} Nf6 {[%clk 0:03:03]} 2. c4 {[%clk 0:03:03]} g6
{[%clk 0:03:03]} 3. g3 {[%clk 0:03:03]} Bg7 {[%clk 0:03:04]} 4. Bg2
{[%clk 0:03:04]} c5 {[%clk 0:03:04]} 5. O-O {[%clk 0:03:03]} O-O {[%clk 0:03:04]}
6. Nc3 {[%clk 0:03:02]} d5 {[%clk 0:03:05]} 7. cxd5 {[%clk 0:02:52]} Nxd5
{[%clk 0:03:05]} 8. Nxd5 {[%clk 0:02:51]} Qxd5 {[%clk 0:03:06]} 9. d3
{[%clk 0:02:50]} Nc6 {[%clk 0:02:45]} 10. Qc2 {[%clk 0:02:19]} b6
{[%clk 0:02:32]} 11. Rb1 {[%clk 0:02:09]} Qxa2 {[%clk 0:02:20]} 12. Bd2
{[%clk 0:02:01]} Bb7 {[%clk 0:02:14]} 13. Bc3 {[%clk 0:01:55]} e5
{[%clk 0:01:57]} 14. Nd2 {[%clk 0:01:42]} Qe6 {[%clk 0:01:56]} 15. Ra1
{[%clk 0:01:19]} Rfd8 {[%clk 0:01:28]} 16. Ra4 {[%clk 0:01:10]} Nd4
{[%clk 0:01:21]} 17. Bxd4 {[%clk 0:01:08]} Bxg2 {[%clk 0:01:21]} 18. Kxg2
{[%clk 0:01:03]} exd4 {[%clk 0:01:21]} 19. Ne4 {[%clk 0:00:50]} a5
{[%clk 0:01:18]} 20. Raa1 {[%clk 0:00:34]} h6 {[%clk 0:01:18]} 21. e3
{[%clk 0:00:29]} dxe3 {[%clk 0:01:09]} 22. fxe3 {[%clk 0:00:29]} Rac8
{[%clk 0:01:10]} 23. Rf3 {[%clk 0:00:23]} c4 {[%clk 0:01:09]} 24. d4
{[%clk 0:00:22]} Re8 {[%clk 0:01:02]} 25. Nc3 {[%clk 0:00:22]} Qc6
{[%clk 0:00:58]} 26. Kf2 {[%clk 0:00:16]} h5 {[%clk 0:00:50]} 27. d5
{[%clk 0:00:15]} Qc5 {[%clk 0:00:50]} 28. Rd1 {[%clk 0:00:14]} b5
{[%clk 0:00:44]} 29. Ne4 {[%clk 0:00:14]} Qb6 {[%clk 0:00:45]} 30. d6
{[%clk 0:00:12]} Rcd8 {[%clk 0:00:46]} 31. Nf6+ {[%clk 0:00:06]} Bxf6
{[%clk 0:00:45]} 0-1

[Event "Team Championship (men blitz)"]
[Site "Sochi"]
[Date "2017.10.05"]
[Round "15.13"]
[White "Rakhmanov, Aleksandr"]
[Black "Pogromsky, Mikhail"]
[Result "1/2-1/2"]
[LiveChessVersion "1.4.8"]
[BlackElo "2450"]
[WhiteElo "2600"]

1. c4 {[%clk 0:03:03]} Nf6 {[%clk 0:02:58]} 2. Nc3 {[%clk 0:03:04]} e6
{[%clk 0:02:55]} 3. e4 {[%clk 0:03:05]} d5 {[%clk 0:02:53]} 4. exd5
{[%clk 0:03:06]} exd5 {[%clk 0:02:54]} 5. d4 {[%clk 0:03:07]} Be7
{[%clk 0:02:46]} 6. Bd3 {[%clk 0:03:07]} O-O {[%clk 0:02:41]} 7. Nge2
{[%clk 0:03:08]} Nc6 {[%clk 0:02:32]} 8. a3 {[%clk 0:03:01]} Be6 {[%clk 0:02:26]}
9. cxd5 {[%clk 0:02:58]} Nxd5 {[%clk 0:02:27]} 10. O-O {[%clk 0:02:55]} Re8
{[%clk 0:02:13]} 11. Be3 {[%clk 0:02:37]} g6 {[%clk 0:01:59]} 12. Qd2
{[%clk 0:02:30]} Bf6 {[%clk 0:01:51]} 13. Rad1 {[%clk 0:02:25]} Nxe3
{[%clk 0:01:46]} 14. fxe3 {[%clk 0:02:25]} Bg4 {[%clk 0:01:44]} 15. Rde1
{[%clk 0:02:01]} Bxe2 {[%clk 0:01:40]} 16. Rxe2 {[%clk 0:01:55]} Bg7
{[%clk 0:01:28]} 17. Bc4 {[%clk 0:01:50]} Re7 {[%clk 0:01:23]} 18. Kh1
{[%clk 0:01:32]} Qd7 {[%clk 0:01:04]} 19. Nd5 {[%clk 0:01:20]} Re6
{[%clk 0:01:04]} 20. Nf4 {[%clk 0:01:07]} Rf6 {[%clk 0:00:58]} 21. Ref2
{[%clk 0:01:05]} Rf8 {[%clk 0:00:55]} 22. h3 {[%clk 0:01:02]} Bh6
{[%clk 0:00:51]} 23. Nd5 {[%clk 0:00:42]} Rxf2 {[%clk 0:00:49]} 24. Qxf2
{[%clk 0:00:42]} Bg7 {[%clk 0:00:49]} 25. Nf6+ {[%clk 0:00:32]} Bxf6
{[%clk 0:00:50]} 26. Qxf6 {[%clk 0:00:33]} Qe7 {[%clk 0:00:50]} 27. Qxe7
{[%clk 0:00:26]} Nxe7 {[%clk 0:00:51]} 28. g4 {[%clk 0:00:27]} g5
{[%clk 0:00:35]} 29. Kg2 {[%clk 0:00:24]} Kg7 {[%clk 0:00:36]} 30. Bd3
{[%clk 0:00:19]} 1/2-1/2

[Event "Team Championship (men blitz)"]
[Site "Sochi"]
[Date "2017.10.05"]
[Round "15.14"]
[White "Vokarev, Sergey"]
[Black "Rozum, Ivan"]
[Result "1/2-1/2"]
[LiveChessVersion "1.4.8"]
[BlackElo "2553"]
[WhiteElo "2427"]

1. Nf3 {[%clk 0:03:03]} Nf6 {[%clk 0:03:03]} 2. g3 {[%clk 0:03:04]} b6
{[%clk 0:03:04]} 3. Bg2 {[%clk 0:03:05]} Bb7 {[%clk 0:03:05]} 4. O-O
{[%clk 0:03:04]} g6 {[%clk 0:03:05]} 5. b3 {[%clk 0:03:02]} Bg7 {[%clk 0:03:06]}
6. Bb2 {[%clk 0:03:03]} O-O {[%clk 0:03:07]} 7. c4 {[%clk 0:03:04]} d6
{[%clk 0:03:06]} 8. Nc3 {[%clk 0:03:03]} Nbd7 {[%clk 0:03:06]} 9. d4
{[%clk 0:03:02]} Ne4 {[%clk 0:03:06]} 10. Nxe4 {[%clk 0:02:53]} Bxe4
{[%clk 0:03:06]} 11. Qd2 {[%clk 0:02:48]} e6 {[%clk 0:03:04]} 12. Rfd1
{[%clk 0:02:46]} Qe7 {[%clk 0:03:04]} 13. Ne1 {[%clk 0:02:44]} Bxg2
{[%clk 0:03:04]} 14. Nxg2 {[%clk 0:02:44]} Rad8 {[%clk 0:03:02]} 15. Rac1
{[%clk 0:02:42]} f5 {[%clk 0:02:55]} 16. Nf4 {[%clk 0:02:31]} g5 {[%clk 0:02:38]}
17. Nd3 {[%clk 0:02:29]} e5 {[%clk 0:02:34]} 18. Nb4 {[%clk 0:02:18]} Rde8
{[%clk 0:02:00]} 19. Nc6 {[%clk 0:02:04]} Qf6 {[%clk 0:01:58]} 20. dxe5
{[%clk 0:01:14]} Nxe5 {[%clk 0:01:59]} 21. Nxe5 {[%clk 0:01:10]} dxe5
{[%clk 0:01:59]} 22. e3 {[%clk 0:01:01]} f4 {[%clk 0:01:54]} 23. exf4
{[%clk 0:00:55]} gxf4 {[%clk 0:01:55]} 24. Re1 {[%clk 0:00:51]} Qf5
{[%clk 0:01:45]} 25. Qd5+ {[%clk 0:00:49]} Kh8 {[%clk 0:01:43]} 26. Qe4
{[%clk 0:00:46]} Qh5 {[%clk 0:01:44]} 27. Rcd1 {[%clk 0:00:29]} f3
{[%clk 0:01:37]} 28. Qd3 {[%clk 0:00:25]} Re6 {[%clk 0:01:28]} 29. Re4
{[%clk 0:00:23]} Qh3 {[%clk 0:01:06]} 30. Qf1 {[%clk 0:00:22]} Qf5
{[%clk 0:01:07]} 31. Rde1 {[%clk 0:00:21]} Rd8 {[%clk 0:01:04]} 32. Bc3
{[%clk 0:00:20]} Kg8 {[%clk 0:01:04]} 33. h3 {[%clk 0:00:20]} Rde8
{[%clk 0:00:47]} 34. Kh2 {[%clk 0:00:20]} h6 {[%clk 0:00:46]} 35. g4
{[%clk 0:00:20]} Qf7 {[%clk 0:00:44]} 36. Qg1 {[%clk 0:00:20]} Rd8
{[%clk 0:00:45]} 37. Qg3 {[%clk 0:00:19]} Rde8 {[%clk 0:00:35]} 38. R1e3
{[%clk 0:00:18]} Rf8 {[%clk 0:00:29]} 39. a4 {[%clk 0:00:13]} a5 {[%clk 0:00:29]}
40. Re1 {[%clk 0:00:13]} Rfe8 {[%clk 0:00:27]} 41. R1e3 {[%clk 0:00:14]} Rf8
{[%clk 0:00:29]} 42. Re1 {[%clk 0:00:16]} Rfe8 {[%clk 0:00:27]} 43. R1e3
{[%clk 0:00:16]} Rf8 {[%clk 0:00:24]} 44. Rd3 {[%clk 0:00:13]} c5
{[%clk 0:00:22]} 45. Rde3 {[%clk 0:00:13]} Kh7 {[%clk 0:00:21]} 46. Re1
{[%clk 0:00:14]} Kg8 {[%clk 0:00:22]} 47. R4e3 {[%clk 0:00:14]} Rd8
{[%clk 0:00:11]} 48. Rxf3 {[%clk 0:00:12]} Qg6 {[%clk 0:00:12]} 49. Rfe3
{[%clk 0:00:12]} Rf8 {[%clk 0:00:11]} 50. Bxe5 {[%clk 0:00:11]} Bxe5
{[%clk 0:00:07]} 51. Rxe5 {[%clk 0:00:11]} Ref6 {[%clk 0:00:09]} 52. R1e2
{[%clk 0:00:09]} Qf7 {[%clk 0:00:10]} 53. Qe3 {[%clk 0:00:09]} Rxf2+
{[%clk 0:00:08]} 54. Rxf2 {[%clk 0:00:10]} Qxf2+ {[%clk 0:00:09]} 55. Qxf2
{[%clk 0:00:11]} Rxf2+ {[%clk 0:00:10]} 56. Kg3 {[%clk 0:00:12]} Rb2
{[%clk 0:00:10]} 57. Re3 {[%clk 0:00:13]} Kf7 {[%clk 0:00:11]} 58. Kf4
{[%clk 0:00:14]} Kf6 {[%clk 0:00:12]} 59. h4 {[%clk 0:00:15]} Rf2+
{[%clk 0:00:13]} 60. Kg3 {[%clk 0:00:16]} Rb2 {[%clk 0:00:15]} 61. Kf4
{[%clk 0:00:17]} Rf2+ {[%clk 0:00:16]} 62. Ke4 {[%clk 0:00:17]} Rg2
{[%clk 0:00:14]} 63. Rf3+ {[%clk 0:00:13]} Ke6 {[%clk 0:00:15]} 64. Kf4
{[%clk 0:00:13]} Rh2 {[%clk 0:00:14]} 65. Kg3 {[%clk 0:00:13]} Rh1
{[%clk 0:00:15]} 66. g5 {[%clk 0:00:14]} Rg1+ {[%clk 0:00:12]} 67. Kf4
{[%clk 0:00:15]} h5 {[%clk 0:00:08]} 68. Rg3 {[%clk 0:00:15]} Rf1+
{[%clk 0:00:08]} 69. Ke4 {[%clk 0:00:16]} Kf7 {[%clk 0:00:10]} 70. g6+
{[%clk 0:00:16]} Kg7 {[%clk 0:00:11]} 71. Kd5 {[%clk 0:00:17]} Rf4
{[%clk 0:00:10]} 72. Kc6 {[%clk 0:00:18]} Rxh4 {[%clk 0:00:11]} 73. Kxb6
{[%clk 0:00:19]} Rg4 {[%clk 0:00:13]} 74. Rh3 {[%clk 0:00:18]} Kxg6
{[%clk 0:00:14]} 75. Kxa5 {[%clk 0:00:19]} h4 {[%clk 0:00:12]} 76. Kb5
{[%clk 0:00:20]} Kg5 {[%clk 0:00:13]} 77. Kxc5 {[%clk 0:00:17]} Rg3
{[%clk 0:00:14]} 78. Rh1 {[%clk 0:00:18]} Rxb3 {[%clk 0:00:15]} 79. Ra1
{[%clk 0:00:19]} h3 {[%clk 0:00:15]} 80. a5 {[%clk 0:00:20]} h2 {[%clk 0:00:16]}
81. a6 {[%clk 0:00:19]} Ra3 {[%clk 0:00:17]} 82. Rh1 {[%clk 0:00:19]} Ra2
{[%clk 0:00:12]} 83. Kb6 {[%clk 0:00:21]} Kg4 {[%clk 0:00:12]} 84. a7
{[%clk 0:00:19]} Kg3 {[%clk 0:00:13]} 85. c5 {[%clk 0:00:20]} Rb2+
{[%clk 0:00:15]} 86. Kc7 {[%clk 0:00:20]} Ra2 {[%clk 0:00:16]} 87. Kb7
{[%clk 0:00:19]} Rb2+ {[%clk 0:00:17]} 88. Ka8 {[%clk 0:00:19]} Rc2
{[%clk 0:00:16]} 89. Kb7 {[%clk 0:00:17]} Rb2+ {[%clk 0:00:17]} 90. Kc6
{[%clk 0:00:17]} Ra2 {[%clk 0:00:18]} 91. Kb6 {[%clk 0:00:17]} Rb2+
{[%clk 0:00:17]} 92. Kc7 {[%clk 0:00:14]} Ra2 {[%clk 0:00:18]} 93. Kb8
{[%clk 0:00:14]} Rb2+ {[%clk 0:00:19]} 94. Ka8 {[%clk 0:00:09]} Rc2
{[%clk 0:00:20]} 95. Kb7 {[%clk 0:00:07]} Rb2+ {[%clk 0:00:21]} 96. Kc7
{[%clk 0:00:06]} Ra2 {[%clk 0:00:22]} 97. Kb6 {[%clk 0:00:07]} Rb2+
{[%clk 0:00:23]} 98. Kc6 {[%clk 0:00:07]} Ra2 {[%clk 0:00:25]} 99. Kb7
{[%clk 0:00:07]} Rb2+ 100. Ka8 Rc2 101. c6 1/2-1/2

[Event "Team Championship (men blitz)"]
[Site "Sochi"]
[Date "2017.10.05"]
[Round "15.15"]
[White "Moiseenko, Vadim"]
[Black "Kozlov, Oleg"]
[Result "1-0"]
[LiveChessVersion "1.4.8"]
[BlackElo "2286"]
[WhiteElo "2497"]

1. e4 {[%clk 0:03:03]} c5 {[%clk 0:03:04]} 2. Nf3 {[%clk 0:03:04]} e6
{[%clk 0:03:06]} 3. c4 {[%clk 0:03:05]} b6 {[%clk 0:03:04]} 4. d4
{[%clk 0:03:05]} cxd4 {[%clk 0:03:05]} 5. Nxd4 {[%clk 0:03:06]} a6
{[%clk 0:03:06]} 6. Nc3 {[%clk 0:03:05]} Bb7 {[%clk 0:03:08]} 7. Bd3
{[%clk 0:03:01]} Qc7 {[%clk 0:03:03]} 8. O-O {[%clk 0:02:59]} Nf6
{[%clk 0:03:04]} 9. Be3 {[%clk 0:02:54]} d6 {[%clk 0:03:01]} 10. Rc1
{[%clk 0:02:52]} Be7 {[%clk 0:02:59]} 11. f4 {[%clk 0:02:46]} Nbd7
{[%clk 0:02:44]} 12. b4 {[%clk 0:02:38]} Rc8 {[%clk 0:02:12]} 13. a3
{[%clk 0:02:32]} Qb8 {[%clk 0:01:48]} 14. Qe2 {[%clk 0:02:16]} O-O
{[%clk 0:01:39]} 15. f5 {[%clk 0:02:17]} e5 {[%clk 0:01:34]} 16. Nb3
{[%clk 0:02:18]} h6 {[%clk 0:01:11]} 17. Rf3 {[%clk 0:01:42]} Rfe8
{[%clk 0:00:40]} 18. Rg3 {[%clk 0:01:39]} Kh7 {[%clk 0:00:41]} 19. Qd2
{[%clk 0:01:27]} Bf8 {[%clk 0:00:37]} 20. Rh3 {[%clk 0:01:11]} Ng4
{[%clk 0:00:31]} 21. Bg5 {[%clk 0:01:08]} Be7 {[%clk 0:00:19]} 22. Bxe7
{[%clk 0:00:52]} Rxe7 {[%clk 0:00:21]} 23. Be2 {[%clk 0:00:49]} Ngf6
{[%clk 0:00:21]} 24. Rh4 {[%clk 0:00:46]} b5 {[%clk 0:00:15]} 25. cxb5
{[%clk 0:00:45]} axb5 {[%clk 0:00:17]} 26. Kh1 {[%clk 0:00:40]} Rxc3
{[%clk 0:00:16]} 27. Qxc3 {[%clk 0:00:29]} Bxe4 {[%clk 0:00:13]} 28. Bd3
{[%clk 0:00:24]} d5 {[%clk 0:00:11]} 29. Nc5 {[%clk 0:00:22]} Nxc5
{[%clk 0:00:11]} 30. bxc5 {[%clk 0:00:23]} Rc7 {[%clk 0:00:10]} 31. Bxe4
{[%clk 0:00:19]} Nxe4 {[%clk 0:00:11]} 32. Qxe5 {[%clk 0:00:19]} Rxc5
{[%clk 0:00:12]} 33. Qa1 {[%clk 0:00:16]} Rxc1+ {[%clk 0:00:09]} 34. Qxc1
{[%clk 0:00:17]} Qa7 {[%clk 0:00:10]} 35. h3 {[%clk 0:00:16]} Qf2
{[%clk 0:00:10]} 36. Rf4 {[%clk 0:00:14]} Qg3 {[%clk 0:00:09]} 37. Rf3
{[%clk 0:00:14]} Nf2+ {[%clk 0:00:10]} 38. Kg1 {[%clk 0:00:16]} Nxh3+ 39. Kf1
{[%clk 0:00:17]} Qe5 {[%clk 0:00:08]} 40. Rxh3 {[%clk 0:00:17]} d4
{[%clk 0:00:07]} 41. Rf3 {[%clk 0:00:17]} Qd6 {[%clk 0:00:07]} 42. Qc2
{[%clk 0:00:16]} f6 {[%clk 0:00:07]} 43. Kg1 {[%clk 0:00:13]} b4 {[%clk 0:00:06]}
44. axb4 {[%clk 0:00:14]} Qxb4 {[%clk 0:00:08]} 45. Qd3 {[%clk 0:00:12]} Qe1+
{[%clk 0:00:07]} 46. Rf1 {[%clk 0:00:14]} Qe5 {[%clk 0:00:08]} 47. Qf3
{[%clk 0:00:13]} Qd6 {[%clk 0:00:07]} 48. Qg4 {[%clk 0:00:14]} Kh8
{[%clk 0:00:07]} 49. Re1 {[%clk 0:00:14]} Qd8 1-0

[Event "Team Championship (men blitz)"]
[Site "Sochi"]
[Date "2017.10.05"]
[Round "15.16"]
[White "Ozgibcev, Anatoly"]
[Black "Gogolev, Artem"]
[Result "0-1"]
[LiveChessVersion "1.4.8"]
[BlackElo "2330"]
[WhiteElo "2354"]

1. e4 {[%clk 0:03:01]} c5 {[%clk 0:03:02]} 2. c3 {[%clk 0:03:02]} d5
{[%clk 0:02:58]} 3. exd5 {[%clk 0:03:03]} Qxd5 {[%clk 0:02:59]} 4. d4
{[%clk 0:03:04]} Nc6 {[%clk 0:03:00]} 5. dxc5 {[%clk 0:03:05]} Qxd1+
{[%clk 0:02:48]} 6. Kxd1 {[%clk 0:03:05]} a5 {[%clk 0:02:46]} 7. Be3
{[%clk 0:03:04]} e5 {[%clk 0:02:43]} 8. Nf3 {[%clk 0:02:54]} Bg4 {[%clk 0:02:40]}
9. Nbd2 {[%clk 0:02:36]} O-O-O {[%clk 0:02:38]} 10. Kc2 {[%clk 0:02:19]} Bf5+
{[%clk 0:02:32]} 11. Kb3 {[%clk 0:02:15]} Nge7 {[%clk 0:02:14]} 12. Nc4
{[%clk 0:01:57]} Be6 {[%clk 0:01:54]} 13. Ng5 {[%clk 0:01:40]} Bd5
{[%clk 0:01:15]} 14. Kc2 {[%clk 0:01:27]} f6 {[%clk 0:01:15]} 15. Nb6+
{[%clk 0:01:22]} Kc7 {[%clk 0:00:55]} 16. Nxd5+ {[%clk 0:01:20]} Rxd5
{[%clk 0:00:52]} 17. Bc4 {[%clk 0:01:15]} fxg5 {[%clk 0:00:53]} 18. Bxd5
{[%clk 0:01:14]} Nxd5 {[%clk 0:00:54]} 19. Bxg5 {[%clk 0:01:15]} Bxc5
{[%clk 0:00:55]} 20. f3 {[%clk 0:01:15]} h6 {[%clk 0:00:45]} 21. Bd2
{[%clk 0:01:16]} Be3 {[%clk 0:00:43]} 22. Rhe1 {[%clk 0:01:11]} Bxd2
{[%clk 0:00:44]} 23. Kxd2 {[%clk 0:01:12]} Rd8 {[%clk 0:00:44]} 24. Kc2
{[%clk 0:01:13]} Nf4 {[%clk 0:00:45]} 25. g3 {[%clk 0:01:11]} Ng6
{[%clk 0:00:29]} 26. Rad1 {[%clk 0:01:05]} Rf8 {[%clk 0:00:30]} 27. Rd3
{[%clk 0:01:05]} Rf7 {[%clk 0:00:31]} 28. a4 {[%clk 0:01:06]} h5 {[%clk 0:00:31]}
29. h4 {[%clk 0:01:06]} Nge7 {[%clk 0:00:32]} 30. g4 {[%clk 0:01:02]} hxg4
{[%clk 0:00:29]} 31. fxg4 {[%clk 0:01:03]} Rf4 {[%clk 0:00:28]} 32. Rg3
{[%clk 0:01:00]} Rf2+ {[%clk 0:00:29]} 33. Kc1 {[%clk 0:00:57]} Ng6
{[%clk 0:00:30]} 34. h5 {[%clk 0:00:54]} Nf4 {[%clk 0:00:31]} 35. Kb1
{[%clk 0:00:51]} Kb6 {[%clk 0:00:29]} 36. Rh1 {[%clk 0:00:52]} Kc5
{[%clk 0:00:29]} 37. b3 {[%clk 0:00:46]} e4 {[%clk 0:00:24]} 38. g5
{[%clk 0:00:46]} Nxh5 {[%clk 0:00:15]} 39. Rxh5 {[%clk 0:00:47]} g6
{[%clk 0:00:17]} 40. Rh4 {[%clk 0:00:45]} Kd5 {[%clk 0:00:17]} 41. Re3
{[%clk 0:00:45]} Rg2 {[%clk 0:00:12]} 42. Rhxe4 {[%clk 0:00:46]} Rxg5
{[%clk 0:00:12]} 43. Re8 {[%clk 0:00:47]} Rg2 {[%clk 0:00:10]} 44. Rd3+
{[%clk 0:00:47]} Kc5 {[%clk 0:00:11]} 45. Re6 {[%clk 0:00:47]} g5
{[%clk 0:00:10]} 46. Kc1 {[%clk 0:00:48]} g4 {[%clk 0:00:10]} 47. Rg6
{[%clk 0:00:49]} Kb6 {[%clk 0:00:08]} 48. Re3 {[%clk 0:00:48]} Rg1+
{[%clk 0:00:05]} 49. Kc2 {[%clk 0:00:49]} Rg2+ {[%clk 0:00:06]} 50. Kc1
{[%clk 0:00:48]} Rg1+ {[%clk 0:00:08]} 51. Kb2 {[%clk 0:00:50]} Rg2+
{[%clk 0:00:09]} 52. Ka3 {[%clk 0:00:50]} Kc7 {[%clk 0:00:09]} 53. Re4
{[%clk 0:00:50]} Rc2 {[%clk 0:00:10]} 54. Rexg4 {[%clk 0:00:48]} Rxc3
{[%clk 0:00:11]} 55. Rc4 {[%clk 0:00:45]} Rd3 {[%clk 0:00:11]} 56. Rg7+
{[%clk 0:00:48]} Kb6 {[%clk 0:00:12]} 57. Rg6 {[%clk 0:00:48]} Rd2
{[%clk 0:00:13]} 58. Rg5 {[%clk 0:00:46]} Ka6 {[%clk 0:00:13]} 59. Rb5
{[%clk 0:00:47]} Nb4 {[%clk 0:00:13]} 60. Rbxb4 {[%clk 0:00:48]} axb4+
{[%clk 0:00:14]} 0-1

[Event "Team Championship (men blitz)"]
[Site "Sochi"]
[Date "2017.10.05"]
[Round "15.17"]
[White "Alekseenko, Kirill"]
[Black "Triapishko, Alexandr"]
[Result "0-1"]
[LiveChessVersion "1.4.8"]
[BlackElo "2396"]
[WhiteElo "2586"]

1. e4 {[%clk 0:03:03]} e5 {[%clk 0:03:02]} 2. Nf3 {[%clk 0:03:04]} Nc6
{[%clk 0:03:03]} 3. Bb5 {[%clk 0:03:05]} a6 {[%clk 0:03:04]} 4. Ba4
{[%clk 0:03:07]} d6 {[%clk 0:03:06]} 5. O-O {[%clk 0:03:06]} Bd7 {[%clk 0:03:06]}
6. c3 {[%clk 0:03:07]} Nf6 {[%clk 0:03:07]} 7. Re1 {[%clk 0:03:03]} g6
{[%clk 0:03:08]} 8. d4 {[%clk 0:02:58]} Bg7 {[%clk 0:03:09]} 9. Nbd2
{[%clk 0:02:57]} O-O {[%clk 0:03:09]} 10. Nf1 {[%clk 0:02:59]} exd4
{[%clk 0:02:53]} 11. cxd4 {[%clk 0:02:58]} b5 {[%clk 0:02:53]} 12. Bb3
{[%clk 0:02:48]} Bg4 {[%clk 0:02:53]} 13. Be3 {[%clk 0:02:48]} Na5
{[%clk 0:02:39]} 14. Bc2 {[%clk 0:02:04]} Nc4 {[%clk 0:02:39]} 15. Bc1
{[%clk 0:02:05]} c5 {[%clk 0:02:17]} 16. d5 {[%clk 0:01:58]} Nd7 {[%clk 0:02:14]}
17. Rb1 {[%clk 0:01:54]} Qa5 {[%clk 0:02:01]} 18. a3 {[%clk 0:01:20]} b4
{[%clk 0:01:59]} 19. axb4 {[%clk 0:01:01]} cxb4 {[%clk 0:01:56]} 20. Bd3
{[%clk 0:00:55]} Nce5 {[%clk 0:01:29]} 21. Be2 {[%clk 0:00:56]} Bxf3
{[%clk 0:01:30]} 22. Bxf3 {[%clk 0:00:58]} Nc5 {[%clk 0:01:30]} 23. Be3
{[%clk 0:00:50]} Ncd3 {[%clk 0:01:22]} 24. Re2 {[%clk 0:00:46]} Rac8
{[%clk 0:01:21]} 25. Rd2 {[%clk 0:00:33]} Nxf3+ {[%clk 0:01:16]} 26. Qxf3
{[%clk 0:00:32]} Ne5 {[%clk 0:01:15]} 27. Qd1 {[%clk 0:00:32]} Nc4
{[%clk 0:01:08]} 28. Re2 {[%clk 0:00:33]} Nxe3 {[%clk 0:00:56]} 29. Nxe3
{[%clk 0:00:34]} Qc5 {[%clk 0:00:57]} 30. b3 {[%clk 0:00:33]} a5 {[%clk 0:00:56]}
31. Rc2 {[%clk 0:00:32]} Bc3 {[%clk 0:00:47]} 32. h4 {[%clk 0:00:29]} Rfe8
{[%clk 0:00:43]} 33. Qf3 {[%clk 0:00:24]} Qd4 {[%clk 0:00:41]} 34. Ng4
{[%clk 0:00:24]} Kg7 {[%clk 0:00:31]} 35. h5 {[%clk 0:00:25]} Qxe4
{[%clk 0:00:23]} 36. h6+ {[%clk 0:00:26]} Kf8 {[%clk 0:00:16]} 37. Rxc3
{[%clk 0:00:20]} Rxc3 {[%clk 0:00:08]} 38. Qf6 {[%clk 0:00:19]} Qxb1+ 39. Kh2 Qf5
{[%clk 0:00:09]} 40. Qxd6+ {[%clk 0:00:17]} Kg8 {[%clk 0:00:05]} 41. Nf6+
{[%clk 0:00:18]} Kh8 {[%clk 0:00:07]} 42. f3 Qg5 {[%clk 0:00:05]} 43. Nxe8
{[%clk 0:00:12]} Qh4+ {[%clk 0:00:06]} 44. Kg1 {[%clk 0:00:12]} Rc1#
{[%clk 0:00:08]} 0-1

[Event "Team Championship (men blitz)"]
[Site "Sochi"]
[Date "2017.10.05"]
[Round "15.18"]
[White "Chos, Alexey"]
[Black "Alekseev, Evgeny"]
[Result "1/2-1/2"]
[LiveChessVersion "1.4.8"]
[BlackElo "2636"]
[WhiteElo "2354"]

1. e4 {[%clk 0:03:04]} c5 {[%clk 0:03:03]} 2. Nf3 {[%clk 0:03:04]} e6
{[%clk 0:03:05]} 3. c4 {[%clk 0:03:05]} Nc6 {[%clk 0:03:05]} 4. Be2
{[%clk 0:03:06]} e5 {[%clk 0:03:04]} 5. Nc3 {[%clk 0:03:07]} d6 {[%clk 0:03:03]}
6. d3 {[%clk 0:03:07]} g6 {[%clk 0:03:03]} 7. Nd5 {[%clk 0:03:06]} Bg7
{[%clk 0:03:03]} 8. O-O {[%clk 0:03:05]} h6 {[%clk 0:03:00]} 9. a3
{[%clk 0:03:05]} Nge7 {[%clk 0:02:59]} 10. Rb1 {[%clk 0:03:05]} O-O
{[%clk 0:02:57]} 11. b4 {[%clk 0:03:06]} b6 {[%clk 0:02:48]} 12. b5
{[%clk 0:02:58]} Nxd5 {[%clk 0:02:39]} 13. cxd5 {[%clk 0:02:52]} Ne7
{[%clk 0:02:38]} 14. Nd2 {[%clk 0:02:53]} f5 {[%clk 0:02:35]} 15. Nc4
{[%clk 0:02:51]} g5 {[%clk 0:02:33]} 16. a4 {[%clk 0:02:47]} Ng6 {[%clk 0:02:27]}
17. Re1 {[%clk 0:02:33]} Nf4 {[%clk 0:02:22]} 18. a5 {[%clk 0:02:31]} Rb8
{[%clk 0:02:10]} 19. axb6 {[%clk 0:02:28]} axb6 {[%clk 0:02:11]} 20. Ra1
{[%clk 0:02:27]} Rf7 {[%clk 0:02:07]} 21. Bd2 {[%clk 0:02:19]} fxe4
{[%clk 0:01:58]} 22. dxe4 {[%clk 0:02:18]} Nxe2+ {[%clk 0:01:51]} 23. Qxe2
{[%clk 0:02:11]} g4 {[%clk 0:01:52]} 24. Ra3 {[%clk 0:02:08]} h5 {[%clk 0:01:52]}
25. Rea1 {[%clk 0:02:08]} Bb7 {[%clk 0:01:46]} 26. Ne3 {[%clk 0:01:54]} Bf8
{[%clk 0:01:40]} 27. Ra7 {[%clk 0:01:48]} Qf6 {[%clk 0:01:27]} 1/2-1/2